| 000 | 00783nac a22001931u 4500 | ||
|---|---|---|---|
| 010 | _a 2002014742 | ||
| 020 | _a1591400570 (hardcover) | ||
| 020 | _a159140083X (ebook) | ||
| 082 | 0 | 0 |
_a006.3 _bP3979 |
| 090 |
_c448 _d448 |
||
| 100 | _aPendharkar, Parag C., | ||
| 245 | 1 | 0 |
_aManaging data mining technologies in organizations : _btechniques and applications / _cParag C. Pendharkar. |
| 260 |
_aHershey : _bIdea Group Pub., _cc2003. |
||
| 300 |
_ax, 288 p. : _bill. ; _c26 cm. |
||
| 650 | 0 | _aData mining. | |
| 856 | 4 | 1 |
_3Table of contents _uhttp://www.loc.gov/catdir/toc/fy035/2002014742.html |
| 942 |
_cBB _k006.3P3979 |
||
| 999 |
_c448 _d448 |
||